000 01143nam0a22002771 4500
001 rc\5249
005 20021204101719.0
035 _a(NLR Aleph) 005295245
090 _a6232152
_c6232152
100 _a20021204d1993 u |0rusy50 ca
101 0 _arus
102 _aRU
105 _aa |||||||||
200 1 _aЗДОРОВЬЕ и продолжительность жизни
_dHealth and life duration
_e[Сб. ст.]
_fРос. акад. наук. Ин-т соц.-экон. пробл. народонаселения
_gОтв. ред. к. м. н. В.И. Кричагин
210 _aМ.
_cБ. и.
_d1993
215 _a196 с.
_cил.
_d20
225 1 _aДемография и социология
_vВып. 7
320 _aБиблиогр. в конце ст.
510 0 _aHealth and life duration
702 1 _aКричагин
_bВ. И.
_gВладимир Иванович
_4340
712 0 2 _aИнститут социально-экон. проблем народонаселения
_cМосква
_3RU\NLR\AUTH\889932916
801 0 _aRU
_bNLR
_gpsbo
801 1 _aRU
_bELAR
_2rusmarc
852 _aNLR
_j96-3/994
942 _cBOOK
980 _aNB